Crescere in famiglie omogenitoriali : tesi di laurea in Psicopatologia dello sviluppo /

সংরক্ষণ করুন:
গ্রন্থ-পঞ্জীর বিবরন
প্রধান লেখক: Scaramozza, Valentina (লেখক)
অন্যান্য লেখক: Monti, Fiorella
বিন্যাস: গ্রন্থ
ভাষা:ইতালিয়
প্রকাশিত: A.a. 2007-2008
ট্যাগগুলো: ট্যাগ যুক্ত করুন
কোনো ট্যাগ নেই, প্রথমজন হিসাবে ট্যাগ করুন!

MARC

LEADER 00000nam a22000007i 4500
001 IT\ICCU\UBO\3649601
003 ItRI
005 20260124192844.0
008 090612s2008 it |||||| ||||| |||||c
040 |b ita  |c importazione bologna sebina 
041 7 |a ita  |2 ISO-639-2 
100 1 |a Scaramozza, Valentina  |0 IT\ICCU\UBOV\342514  |4 aut 
245 1 0 |a Crescere in famiglie omogenitoriali :  |b tesi di laurea in Psicopatologia dello sviluppo /  |c presentata da: Valentina Scaramozza ; relatore: Fiorella Monti. 
260 |c A.a. 2007-2008 
300 |a 162 p. ;  |c 30 cm 
500 |a In testa al front.: Alma mater studiorum, Università di Bologna, sede di Cesena, Facoltà di Psicologia, corso di laurea specialistica in Psicologia clinica e di comunità 
500 |a In calce al front.: sessione 3., anno accademico 2007-2008. 
700 1 |a Monti, Fiorella  |0 IT\ICCU\RMLV\027764 
942 |2 ddc  |c TS  |n 0 
952 |0 0  |1 0  |4 0  |6 TESI_306_874000000000000_SCA  |7 0  |9 25031  |a BO  |b BO  |d 2026-01-15  |i 12827  |l 0  |o TESI 306.874 SCA  |p BO12827  |r 2026-01-15 23:23:56  |w 2026-01-15  |x [Sebina 7] [1 v.]  |y TS  |z 1 v. 
999 |c 21272  |d 21272